Enemy match

Bibliographic Details
Main Author: Keene, Carolyn
Format: Book
Published: New York : Wanderer Books , 1984
Subjects:

MARC

LEADER 00000cam a2200000 7i4500
001 0000005267
002 000005690
005 20000330.0
020 |a 067149359 
090 0 0 |a YF   |b KEE 
100 1 |a Keene, Carolyn 
245 1 0 |a Enemy match   |c Carolyn Keene ; illustrated by Paul Frame 
260 |a New York :   |b Wanderer Books ,   |c 1984 
300 |a 189p. ;   |c 18cm. 
650 0 0 |a Children's stories 
999 |a 037703   |b BUKU   |c YOUTH FICTION   |e PERPUSTAKAAN KOMUNITI PETALING JAYA